[Event "Utrecht op"]
[Site "Utrecht"]
[Date "1998.06.05"]
[Round "?"]
[White "Janssen, Ruud"]
[Black "Van de Donk, L."]
[Result "1-0"]
[WhiteElo "2330"]
[BlackElo "2050"]
[PlyCount "65"]
[EventDate "1998.05.??"]
[EventType "swiss"]
[EventRounds "6"]
[EventCountry "NED"]
[SourceTitle "EXT 2003"]
[Source "ChessBase"]
[SourceDate "2002.11.25"]
[SourceVersion "1"]
[SourceVersionDate "2002.11.25"]
[SourceQuality "1"]

1. Nf3 c5 2. c4 Nf6 3. Nc3 Nc6 4. d4 cxd4 5. Nxd4 e6 6. g3 Be7 7. Bg2 0-0 8. 0-0 a6 9. b3 Qc7 10. Bb2 d6 11. Rc1 Nxd4 12. Qxd4 Bd7 13. Rfd1 Rfd8 14. Qe3 Be8 15. h3 Rab8 16. g4 Qa5 17. a3 h6 18. b4 Qg5 19. f4 Qh4 20. Nd5 Nxd5 21. cxd5 e5 22. Rc7 Bf6 23. fxe5 Bg5 24. Qf3 Be7 25. Rf1 dxe5 26. Bxe5 Bd6 27. Rxf7 Bxe5 28. Rf8+ Kh7 29. Qf5+ Bg6 30. Qxg6+ Kxg6 31. Be4+ Kg5 32. R1f5+ Kg6 33. Rh5# 1-0